| 000 | 00000nam 2200000zi 4500 |
| 001 | 9.954443 |
| 003 | CaOODSP |
| 005 | 20251020094417 |
| 006 | m o d f |
| 007 | cr cn||||||||| |
| 008 | 250825e202509##oncbdo ob f000 0 fre d |
| 020 | |a9780660786285 |
| 040 | |aCaOODSP|bfre|erda|cCaOODSP |
| 043 | |an-cn-nu |
| 086 | 1 |aFs70-6/2025-038F-PDF |
| 245 | 00|aÉvaluation du stock de béluga (Delphinapterus leucas) dans les Îles Belcher-Est de la baie d’Hudson et à la baie James en 2024. |
| 264 | 1|a[Ottawa] : |bSecrétariat canadien de consultation scientifique, |cseptembre 2025. |
| 264 | 4|c©2025 |
| 300 | |a1 ressource en ligne (15 pages) : |bcartes, graphiques, photographies. |
| 336 | |atexte|btxt|2rdacontent/fre |
| 337 | |ainformatique|bc|2rdamedia/fre |
| 338 | |aressource en ligne|bcr|2rdacarrier/fre |
| 490 | 1 |aAvis scientifique, |x1919-5117 ; |v2025/038 |
| 500 | |aTitre de départ. |
| 500 | |aPublié aussi en anglais sous le titre : Stock assessment of Belcher Islands-eastern Hudson Bay and James Bay beluga (Delphinapterus leucas) in 2024. |
| 504 | |aComprend des références bibliographiques (page 14). |
| 650 | 6|aBéluga|xChasse|zHudson, Baie d'. |
| 650 | 6|aBéluga|xChasse|zJames, Baie. |
| 710 | 2 |aSecrétariat canadien de consultation scientifique, |eorganisme de publication. |
| 710 | 1 |aCanada. |bMinistère des pêches et des océans, |eorganisme de publication. |
| 775 | 08|tStock assessment of Belcher Islands-eastern Hudson Bay and James Bay beluga (Delphinapterus leucas) in 2024.|w(CaOODSP)9.954442 |
| 775 | 08|t[Évaluation du stock de béluga (Delphinapterus leucas) dans les Îles Belcher-Est de la baie d’Hudson et à la baie James en 2024].|w(CaOODSP)9.956423 |
| 830 | #0|aAvis scientifique (Secrétariat canadien de consultation scientifique)|v2025/038.|w(CaOODSP)9.502624 |
| 856 | 40|qPDF|s995 Ko|uhttps://publications.gc.ca/collections/collection_2025/mpo-dfo/fs70-6/Fs70-6-2025-038-fra.pdf |